000 00534ntaaa2200205 4500
003 01
005 20251027202025.0
008 0714s1973 ag 01
040 _aAR-BaBN
_bspa
_cAR-BaBN
_eaacr
_dRIC
082 _a248.8300 V59
100 _aVermes, Hal G.
_918902
245 _aThe boy's book of personal development
250 _a1 ed.
260 _aNew York :
_bAssociation Press,
_cc1964
300 _a128 p
500 _aEl desarrollo del niƱo adolescente
650 _aadolescencia
650 _avarones
_97358
942 _cBK
999 _c15050
_d15050